000
00299nam a2200133Ia 4500
008
231017s9999 xx 000 0 und d
082
_a
625.725
082
_b
ASS
245
0
_a
Geometric design research efforts
245
0
_c
TRB/AASHTO
260
_b
TRB/AASHTO
300
_c
30cm
942
_c
REP
999
_c
605897
_d
605897